000 00447nam a22001817i 4500
001 3428
003 OSt
005 20170126082318.0
007 tu
008 161220s1996 xxu||||| |||| 00| 0 d
024 7 _a3427
_2RID
040 _cOSt
084 _a11.431
_2z
245 0 0 _aWirtschaftliche Effekte der EU-Osterweiterung für die "Vienna Region". Thesenpapiere
260 _aWien,
_c1996.
300 _a29 S. ;
_c30cm.
110 2 _aEuropaforum Wien
_eEd.
942 _cB
999 _c3378
_d3378